50 More Characters: 50 More Books Quiz Stats

Quiz Updated Aug 17, 2015

Challenge
Share
Tweet
Embed
Score 0/50 Timer 10:00
0 Plays Today
% Correct
Alice's Adventures In Wonderland
94.6%
A Christmas Carol
94%
The Hunchback of Notre Dame
93.3%
The Jungle Book
92.7%
The Wonderful Wizard of Oz
92.5%
Fifty Shades of Grey
87.7%
The Adventures of Pinocchio
84.4%
Charlie and the Chocolate Factory
83.2%
Madame Bovary
78.8%
The Legend of Sleepy Hollow
77.8%
The Lord of the Rings
72.9%
The Princess Bride
71.3%
Around the World in Eighty Days
70.5%
Le Morte D'Arthur
65.2%
A Study in Scarlet
60.7%
American Psycho
59.8%
The Mysterious Affair at Styles
52.1%
A Clockwork Orange
48.2%
David Copperfield
43%
Tinker, Tailor, Soldier, Spy
42.1%
War and Peace
41.8%
Dracula
41.4%
Charlotte's Web
38.9%
The Metamorphosis
38.8%
Slaughterhouse-Five
38.3%
% Correct
One Hundred Years of Solitude
37.4%
The Color Purple
36.7%
The Old Man and the Sea
34.7%
Atlas Shrugged
34.5%
Life of Pi
33.9%
Uncle Tom's Cabin
32.8%
Vanity Fair
32.3%
Ulysses
31.2%
A Confederacy of Dunces
26.2%
The Trial
26.1%
Lucky Jim
25.8%
A Passage to India
25.5%
Brave New World
25.1%
Lady Chatterley's Lover
22.7%
The Stand
21.9%
Persuasion
21.9%
On the Road
21.8%
Middlemarch
17%
East of Eden
15.7%
The Sound and the Fury
15.4%
Kidnapped
15.1%
Trilby
14.4%
To the Lighthouse
13.2%
For Whom the Bell Tolls
12.8%
The Woman in White
8.8%

You're not logged in!

Compare scores with friends on all Sporcle quizzes.
Sign Up with Email
OR
Log In

You Might Also Like...

Show Comments

Extras

Top Quizzes Today


Score Distribution

Your Account Isn't Verified!

In order to create a playlist on Sporcle, you need to verify the email address you used during registration. Go to your Sporcle Settings to finish the process.